000 00757nam a22002537a 4500
003 OSt
005 20140310184327.0
008 121109t xxu||||| |||| 00| 0 eng d
020 _a9780439686211
050 _aPZ 7
_b.C187Tt 2004
100 _aCampbell, Julia
_923673
245 _aTeen Tragedy :
_bA Real-Life Emergency /
_cJulia Campbell
260 _aNew York, NY :
_bScholastic Inc,
_c2004.
300 _a23 p. :
_bill. ;
_c19 cm.
521 _aG2
526 _c420
650 _aTeenagers
_xCrimes against
_xJuvenile literature
_923674
650 _aConspiracies
_xJuvenile literature
_923675
650 _aCitizen crime reporting
_xUnited States.
_923676
942 _2lcc
_cBK-SCHOLAS
999 _c33630
_d33630